| 000 | 00924nam a22002535a 4500 | ||
|---|---|---|---|
| 008 | 161024t2015 njua frd 001 0 eng d | ||
| 020 | _a9781119098058 | ||
| 040 |
_aEG-ScBUE _beng _cEG-ScBUE |
||
| 082 | 0 | 4 |
_222 _a332.10681 _bAPO |
| 100 | 1 |
_aApostolik, Richard. _932823 |
|
| 245 | 1 | 0 |
_aFoundations of financial risk : _ban overview of financial risk and risk-based financial regulation / _cRichard Apostolik, Christopher Donohue. |
| 260 |
_aHoboken : _bJohn Wiley & Sons, Inc., _cc.2015. |
||
| 300 |
_axxvi, 340 p. : _bill. ; _c25 cm. |
||
| 490 | 0 | _aWiley Finance Series | |
| 500 | _aIndex : p. 329-340. | ||
| 500 | _aGlossary : p. 311-328. | ||
| 590 | _aSuzan Ashmawy, revised by Rahma Essa. | ||
| 650 | 7 |
_2BUEsh _aRisk management. _xLaw and legislation. |
|
| 650 | 7 |
_2BUEsh _aBanking law. |
|
| 651 | _2BUEsh | ||
| 653 |
_bBUSECO _cOctober2016 _cNovember2016 |
||
| 700 | 1 |
_aDonohue, Christopher. _932824 |
|
| 942 | _2ddc | ||
| 999 |
_c22826 _d22798 |
||